The noble scholar, jurist, historian


 His Excellency Dr. Abdul Wahhab bin Ibrahim Abu Sulaiman, may Allah have mercy on him.


 He was born in Umm Al-Qura in the year 1356 AH.

مؤتمرات الأدباء السعوديين : (Record no. 8072)

MARC details
000 -LEADER
fixed length control field 02484cam a22003491i 4500
003 - CONTROL NUMBER IDENTIFIER
control field SA-RiAUC
005 - DATE AND TIME OF LATEST TRANSACTION
control field 20250519081900.0
008 - FIXED-LENGTH DATA ELEMENTS--GENERAL INFORMATION
fixed length control field 250516s2012____su a f 100 0 ara c
020 ## - INTERNATIONAL STANDARD BOOK NUMBER
International Standard Book Number 9786144042397
020 ## - INTERNATIONAL STANDARD BOOK NUMBER
International Standard Book Number 9786144042397
040 ## - CATALOGING SOURCE
Original cataloging agency OQUL
Language of cataloging ara
Transcribing agency SA-RiAUC
Modifying agency KAC
Description conventions rda
043 ## - GEOGRAPHIC AREA CODE
Geographic area code a-su---
082 04 - DEWEY DECIMAL CLASSIFICATION NUMBER
Classification number 810.99531
Assigning agency SA-RiAUC
090 ## - LOCALLY ASSIGNED LC-TYPE CALL NUMBER (OCLC); LOCAL CALL NUMBER (RLIN)
Classification number (OCLC) (R) ; Classification number, CALL (RLIN) (NR) 810.99531
Local cutter number (OCLC) ; Book number/undivided call number, CALL (RLIN) م ؤ ت
111 2# - MAIN ENTRY--MEETING NAME
Meeting name or jurisdiction name as entry element مؤتمر الأدباء السعوديين
Number of part/section/meeting (1 :
Date of meeting or treaty signing 1394 هجري :
Location of meeting مكة المكرمة)
Subordinate unit مؤلف.
245 10 - TITLE STATEMENT
Title مؤتمرات الأدباء السعوديين :
Remainder of title التأسيس الثقافي الأول : 1394 هـ.-1974، الثاني : 1419 هـ.-1998، الثالث : 1430 هـ.-2009 /
Statement of responsibility, etc. إشراف عبد الله الحيدري.
250 ## - EDITION STATEMENT
Edition statement الطبعة الأولى.
264 #1 - PRODUCTION, PUBLICATION, DISTRIBUTION, MANUFACTURE, AND COPYRIGHT NOTICE
Place of production, publication, distribution, manufacture مكة المكرمة :
-- بيروت :
Name of producer, publisher, distributor, manufacturer نادي مكة الثقافي ؛
-- الانتشار العربي،
Date of production, publication, distribution, manufacture, or copyright notice 2012
300 ## - PHYSICAL DESCRIPTION
Extent 120 صفحة :
Other physical details إيضاحيات ؛
Dimensions 22 × 14 سم
336 ## - CONTENT TYPE
Content type term نص
Content type code txt
Source rdacontent
Materials specified كتاب
337 ## - MEDIA TYPE
Media type term بدون وسيط
Media type code n
Source rdamedia
338 ## - CARRIER TYPE
Carrier type term مجلد
Carrier type code nc
Source rdacarrier
504 ## - BIBLIOGRAPHY, ETC. NOTE
Bibliography, etc. note ببليوجرافية : صفحة 114-115.
520 ## - SUMMARY, ETC.
Summary, etc. يعني هذا الكتاب بالتأريخ والرصد لمؤتمرات الأدباء الثلاثة (1394و 1419و1430هـ)، في محاولة لتوثيق أبرز المعلومات الخاصة بكل مؤتمر من خلال الحديث عن فكرة المؤتمر، واللجان العاملة، وعناوين البحوث، وأسماء المكرمين، والتوصيات، بالاستعانة بالمراجع الموثوقة، وفي المقدمة : بحوث المؤتمر الأول، وبحوث المؤتمر الثاني، وبحوث المؤتمر الثالث، والعدد الخاص من مجلة المنهل المخصص لتوثيق فعاليات المؤتمر الأول.
650 #7 - SUBJECT ADDED ENTRY--TOPICAL TERM
Topical term or geographic name entry element الأدب العربي
Geographic subdivision السعودية
General subdivision تاريخ ونقد
Chronological subdivision قرن 14 هـجري
Form subdivision مؤتمرات
Source of heading or term aucsh
650 #7 - SUBJECT ADDED ENTRY--TOPICAL TERM
Topical term or geographic name entry element الأدب العربي
Geographic subdivision السعودية
General subdivision تاريخ ونقد
Chronological subdivision قرن 14 هـجري
Form subdivision مؤتمرات
Source of heading or term aucsh
700 1# - ADDED ENTRY--PERSONAL NAME
Personal name الحيدري، عبد الله
Relator term مشرف.
711 2# - ADDED ENTRY--MEETING NAME
Meeting name or jurisdiction name as entry element مؤتمر الأدباء السعوديين
Number of part/section/meeting (2 :
Date of meeting or treaty signing 1419 هجري :
Location of meeting مكة المكرمة)
711 2# - ADDED ENTRY--MEETING NAME
Meeting name or jurisdiction name as entry element مؤتمر الأدباء السعوديين
Number of part/section/meeting (3 :
Date of meeting or treaty signing 1430 هجري :
Location of meeting الرياض)
942 ## - ADDED ENTRY ELEMENTS (KOHA)
Source of classification or shelving scheme Dewey Decimal Classification
Koha item type Books
Suppress in OPAC No
949 ## - LOCAL PROCESSING INFORMATION (OCLC)
a SA-JeALM
d 250516
u mohamedma123
n 1
Holdings
Withdrawn status Lost status Source of classification or shelving scheme Damaged status Not for loan Home library Current library Date acquired Total checkouts Full call number Barcode Date last seen Price effective from Koha item type
    Dewey Decimal Classification     DR AbdElwahab Library DR AbdElwahab Library 05/19/2025   810.99531 م ؤ ت 000013336 05/19/2025 05/19/2025 Books